|
|
|
|
| LEADER |
00000cam a2200000 i 4500 |
| 005 |
2012022003533.0 |
| 007 |
cr|||| |||| |
| 008 |
110224s2010 sp 001 0 spa d |
| 017 |
|
|
|a D.L. SE 8702-2010
|
| 020 |
|
|
|a 978-84-9982-059-0
|
| 035 |
|
|
|a 5859
|
| 040 |
|
|
|a SpMaUCTR
|d BUS
|d vLex
|
| 090 |
|
|
|c 2997
|d 2997
|
| 245 |
0 |
0 |
|a Historia y pensamiento en torno al gňero
|h [Recurso electrn̤ico] :
|b Kor ̌/
|c Montserrat Huguet, Carmen Gonzl̀ez Martn̕ (editoras)
|
| 256 |
|
|
|a Servicio en ln̕ea
|
| 260 |
|
|
|a Madrid :
|b Dykinson,
|c D.L. 2010.
|
| 300 |
|
|
|a 1 recurso electrn̤ico
|
| 500 |
|
|
|a La validez de los estudios de gňero est ̀precisamente sostenida no por la institucionalizacin̤ de los mismos, sino por su capacidad de ensanchar nuestra visin̤ de las cosas y de aclarar ciertas situaciones confusas en muchos aspectos, y, desde luego, por su performatividad. Sera̕ errn̤eo, y no sl̤o desde un punto de vista meramente prc̀tico, atribuir a los estudios de gňero, y a ensayos como los que aqu ̕presentamos, un mero carc̀ter acadm̌ico, o incluso como suele denominarse popularmente “ter̤ico”; tan errn̤eo como considerarlos solamente engarzados en realidades puntuales, y por ello coyunturales, tal como puedan serlo las disputas en los medios de comunicacin̤. Por ellos el conjunto de ensayos que aqu ̕presentamos tratan de contribuir a un debate permanente que se celebra no sl̤o en las aulas o las salas de seminarios, sino en el territorio comn︢ en que se cruzan sujetos, polt̕icas, demandas y responsabilidades…
|
| 506 |
1 |
|
|a Contenido solo disponible en los productos indicados
|d vLex Global
|d vLex Global (Academic Edition, excluding Law Schools)
|d vLex Global (U.S. Academic Edition, Law Schools)
|d vLex Global (U.S. Academic Edition, excluding Law Schools)
|d vLex Global (Academic Edition, Law Schools)
|
| 650 |
0 |
4 |
|a Mujeres
|x Derechos.
|
| 650 |
0 |
4 |
|a Sexismo.
|
| 650 |
0 |
4 |
|a Violencia en la familia.
|
| 700 |
1 |
|
|a Huguet, Montserrat,
|e ed. lit.
|
| 700 |
1 |
|
|a Gonzl̀ez Martn̕, Carmen,
|e ed. lit.
|
| 740 |
0 |
|
|a vLex Libros (Servicio en ln̕ea)
|
| 856 |
4 |
0 |
|u http://vlex.com/source/historia-pensamiento-en-torno-genero-5859
|z Acceso restringido
|
| 942 |
|
|
|c BOOK
|
| 999 |
0 |
|
|a Women
|
| 999 |
0 |
|
|a Sexism
|
| 999 |
0 |
|
|a Family violence
|